000 00626nam a2200277Ia 4500
005 20260324150926.0
008 008 260324s9999 xx 000 0 eng d
020 _a9781315011752
037 _aEBOOK
040 _aCRL
040 _beng
040 _cCRL
041 _2eng
041 _aeng
084 _qCRL
100 _aDe Lacy O'Leary
_91228111
245 0 _aArabia Before Muhammad
260 _bTaylor and Francis
260 _c1927
365 _a
365 _b480
856 _uhttp://www.taylorfrancis.com/books/9781315011752
942 _cEBOOK
999 _c1838389
_d1838389